000 00192 a2200097 4500
001 2589
100 _aBannister, R.
245 _aFirst four min
260 _a
_bPutnam
_c
090 _c1886
_d1886
942 _aNUST-CAE
_cM
_c9846
999 _c237662
_d237662